| 000 | 00506nam a2200169 a 4500 | ||
|---|---|---|---|
| 001 | 000036194 | ||
| 005 | 20200930074937.0 | ||
| 008 | 120111s1987 sp a 000 0 spa d | ||
| 040 |
_aDO-SdBNP _bspa _cBNPHU |
||
| 100 | 1 |
_aRoper, Nancy _962244 |
|
| 245 | 1 | 0 |
_aModelo de enfermerÃa / _cNancy Roper, Winifred W. Logan, Alison J. Tierney. |
| 250 | _a2. ed. | ||
| 260 |
_aMadrid : _bEmalsa, _c1987. |
||
| 650 | 2 | 4 |
_aEnfermerÃa _92342 |
| 700 | 1 |
_aLogan, Winifred W. _962245 |
|
| 700 | 1 |
_aTierney, Alison J. _962246 |
|
| 999 |
_c35685 _d35685 |
||